000
00288nam a2200097Ia 4500
008
220120s9999||||xx |||||||||||||| ||und||
100
_a
Hemuganapathy, A and Mandanna, A.M
_9
12650
245
0
_a
Home Pi
260
_a
Coorg Institute of Technology
_b
Ponnampet
_c
2017
650
_a
COMPUTER SCIENCE
999
_c
138249
_d
138249